Word Ladder: Missing Song Titles Quiz Stats

Quiz Updated Jul 5, 2015

Challenge
Share
Tweet
Embed
Score 0/30 Timer 03:00
0 Plays Today
Song Title 4-Letter Word % Correct
____ My Breath Away - BerlinTAKE
96.1%
Truth or ____ - Shirley MurdockDARE
95.8%
The ____ Ranger - Quantum JumpLONE
93.9%
____ Like an Egyptian - BanglesWALK
93.2%
Another Brick in the ____ (Part 2) - Pink FloydWALL
92.7%
I Don't ____ - CherylCARE
90.9%
Bat Out of ____ - Meat LoafHELL
90.9%
Glad You ____ - WantedCAME
90.2%
Hall of ____ - Script featuring Will.I.AmFAME
90%
____ in Black - AC/DCBACK
89.5%
____ Horse - Katy Perry featuring Juicy JDARK
89.5%
Escape (The Pina Colada ____) - Rupert HolmesSONG
88.3%
____ Hot Summer - Girls AloudLONG
87.6%
A Winter's ____ - QueenTALE
87.1%
Can't Get You Out Of My ____ - Kylie MinogueHEAD
87%
Song Title 4-Letter Word % Correct
My Life Would ____ Without You - Kelly ClarksonSUCK
86.8%
____ Your Death - My Chemical RomanceFAKE
85.6%
____ That ____ - Rihanna Featuring Jay-ZTALK
85%
Another Suitcase in Another ____ - MadonnaHALL
84.3%
____ at the Moon - Ozzy OsbourneBARK
84%
You Make Me ____ - PinkSICK
83.4%
____ Rogers - FeederBUCK
80.7%
I Predict a Riot/____ a Ship - Kaiser ChiefsSINK
80.4%
____ This All Together - The Rolling StonesSING
79.9%
____ the World - Michael JacksonHEAL
79.5%
____ to Nowhere - Talking HeadsROAD
77.1%
____ Yourself - EminemLOSE
76%
____ All About It - Professor Green featuring Emeli SandeREAD
73.4%
____ - Katy PerryROAR
58.5%
A ____ is Still a ____ - Aretha FranklinROSE
50.4%

Today's Daily Dose

Missing Word
Law Misconceptions

Word Ladder
Easy Math

On This Day
January 20th

You're not logged in!

Compare scores with friends on all Sporcle quizzes.
Sign Up with Email
OR
Log In

You Might Also Like...

Show Comments

Extras

Top Quizzes Today


Score Distribution

Your Account Isn't Verified!

In order to create a playlist on Sporcle, you need to verify the email address you used during registration. Go to your Sporcle Settings to finish the process.